000 00464nam a22001937a 4500
003 LK-CoDNM
005 20250206103756.0
008 250131b |||||||| |||| 00| 0 eng d
040 _aLK-CoDNM
_dLK-CoDNM
_eLK-CoDNM
041 _aeng
080 _a136
100 _aLivingstone,james
245 _aAids to Medicine
250 _atenth
260 _alondon
_bbailliere tindall and cox
_c1948
300 _a369p. ; 24 cm
650 _ascience
942 _cBK
999 _c237916
_d237916